[Event "Berliner Sommer"]
[Site "Berlin"]
[Date "1996.??.??"]
[Round "8"]
[White "Boensch, Uwe"]
[Black "Chuchelov, Vladimir"]
[Result "1-0"]
[WhiteElo "2525"]
[BlackElo "2490"]

1.d4 Nf6 2.c4 e6 3.Nf3 b6 4.g3 Ba6 5.Nbd2 Bb7 6.Bg2 c5 7.e4 cxd4 8.O-O d6
9.Nxd4 a6 10.Re1 Qc7 11.a4 Nbd7 12.a5 Be7 13.N2b3 Rd8 14.axb6 Nxb6 15.Na5 Ba8
16.Nac6 Bxc6 17.Nxc6 Qxc6 18.e5 Qxc4 19.exf6 Bxf6 20.Be3 Nc8 21.Rc1 Qb4 22.Bd2 Qd4
23.Bc6+ Ke7 24.Re4 Qd3 25.Rb4 Qf5 26.Be4 Qh3 27.Rb7+ Kf8 28.Ba5 Re8 29.Bc6 Re7
30.Rb8 g6 31.Rxc8+ Kg7 32.Rxh8 Kxh8 33.Bd8  1-0

[Event "Berliner Sommer"]
[Site "Berlin"]
[Date "1996.??.??"]
[Round "8"]
[White "Arbakov, Valentin"]
[Black "Lingnau, Carsten"]
[Result "1-0"]
[WhiteElo "2510"]
[BlackElo "2380"]

1.d4 Nf6 2.c4 e6 3.Nf3 b6 4.g3 Ba6 5.b3 Bb7 6.Bg2 Bb4+ 7.Bd2 c5 8.O-O O-O
9.Bxb4 cxb4 10.Nbd2 d6 11.Qc2 Qc7 12.e4 e5 13.Rfe1 Re8 14.Qb2 Nc6 15.d5 Ne7
16.a3 bxa3 17.Qxa3 a5 18.Nb1 Nd7 19.Nc3 Nc5 20.Bh3 Bc8 21.Nb5 Qd8 22.Bxc8 Rxc8
23.Nd2 Qd7 24.b4 axb4 25.Qxb4 Ra8 26.Ra3 Rxa3 27.Qxa3 Nc8 28.Nb3 f5 29.Nxc5 bxc5
30.exf5 Qxf5 31.Qe3 Rf8 32.Qe2 Qf6 33.Kg2 Ne7 34.f4 exf4 35.Qe6+ Qxe6 36.Rxe6 Nf5
37.Nxd6 Ne3+ 38.Kf3 fxg3+ 39.Kxg3 Nf1+ 40.Kg2 Nd2 41.Re3 Rd8 42.Rd3 Rxd6
43.Rxd2 Rb6 44.Kf3 Kf7 45.Ke4 Ke7 46.Ra2 Rb1 47.Ra7+ Kd6 48.Ra6+ Kd7 49.Rc6 Rh1
50.Rxc5 Rxh2 51.Ra5 Rh4+ 52.Kd3 g5 53.c5 Rh1 54.Ra7+ Kc8 55.Rg7 h6 56.c6  1-0

[Event "Berliner Sommer"]
[Site "Berlin"]
[Date "1996.??.??"]
[Round "9"]
[White "Timoshenko, Georgy"]
[Black "Anastasian, Ashot"]
[Result "1-0"]
[WhiteElo "2510"]
[BlackElo "2550"]

1.d4 Nf6 2.c4 e6 3.Nf3 b6 4.g3 Ba6 5.b3 Bb4+ 6.Bd2 Be7 7.Bg2 c6 8.Bc3 d5
9.Ne5 Nfd7 10.Nxd7 Nxd7 11.Nd2 O-O 12.O-O Rc8 13.e4 b5 14.Re1 bxc4 15.bxc4 dxc4
16.Qa4 Bb5 17.Qc2 e5 18.a4 Ba6 19.dxe5 Nc5 20.Bf1 Nb3 21.Rad1 Nxd2 22.Bxd2 c5
23.Bh3 Qd3 24.Qc1 Rc6 25.Bg5 Bxg5 26.Qxg5 Qc3 27.Qe7 Rcc8 28.Bxc8 Bxc8 29.Qxc5 Bh3
30.Qe3 Qa5 31.Qf4 Be6 32.Kg2 Qxa4 33.Qe3 h6 34.Ra1 Qc6 35.Rxa7 Rd8 36.Ra3 Rb8
37.Rc3 Rb2 38.Qd4 Qb7 39.h3 Kh7 40.g4 Ra2 41.Rce3 g5 42.Ra1 Rxa1 43.Qxa1 Qb4
44.Qd4 Qb1 45.Qc3 Qb8 46.Re1 Qb7 47.Qd4 Qb3 48.Re2 Qb1 49.Qc3 Qb7 50.Kf3 Qc8
51.Kg2 Qb7 52.Re1 Qa8 53.Kg3 Qa2 54.Kf3 Qa4 55.Ra1 Qd7 56.Kg2 Qb7 57.f3 Qd7
58.Kg3 Qd8 59.Rh1 Qb6 60.h4 gxh4+ 61.Kg2 Qb3 62.Qxb3 cxb3 63.Kh3 h5 64.Kxh4 hxg4
65.f4 Kg7 66.Rc1 f5 67.exf6+ Kxf6 68.Rc6  1-0

[Event "Bern Cup"]
[Site "Bern"]
[Date "1996.??.??"]
[Round "2"]
[White "Epishin, Vladimir"]
[Black "Kengis, Edvins"]
[Result "1/2-1/2"]
[WhiteElo "2645"]
[BlackElo "2570"]

1.d4 Nf6 2.c4 e6 3.Nf3 b6 4.g3 Ba6 5.b3 Bb7 6.Bg2 Bb4+ 7.Bd2 c5 8.O-O O-O
9.dxc5 Bxc5 10.Nc3 Na6 11.Bf4 d5 12.Nd4 Nb4 13.Ndb5 a6 14.Nc7 Rc8 15.a3 Bd6
16.Nxe6 fxe6 17.axb4 Bxb4 18.Be5 Rf7 19.cxd5 Nxd5 20.Nxd5 exd5 21.Qd3 Bc5
22.e3 Qd7 23.Rfd1 Rcf8 24.Ra2 Qe6 25.Bd4 Rd7 26.Rc2 Qf7 27.Qe2 Qe7 28.h4 Rfd8
29.Qg4 a5 30.Qg5 Qf8 31.Bh3 Rd6 32.Bg2 h6 33.Qe5 Re8 34.Qh5 Bxd4 35.Rxd4 g6
36.Qd1 Qf7 37.Rcd2 Rf8 38.e4 Rf6 39.f4 Rd6 40.e5 Rdd8 41.Rxd5 Bxd5 42.Bxd5 Rxd5
43.Rxd5 Qf5 44.Rd6 Qe4 45.Qg4 Qe1+ 46.Kg2 Qe4+ 47.Kf2 Kh7 48.h5 Rg8 49.hxg6+ Rxg6
50.Qd1 b5 51.Qd3 Qxd3 52.Rxd3 Ra6 53.f5 a4 54.bxa4 bxa4 55.e6 Kg7 56.Re3 Ra8
57.Ra3 Kf6 58.g4 h5 59.Kg3 hxg4 60.Kxg4 Rg8+ 61.Kf4 Rg5 62.Rxa4 Rxf5+ 63.Ke4 Re5+
64.Kd4 Rxe6  1/2-1/2

[Event "Biel op MTO"]
[Site "Biel"]
[Date "1996.??.??"]
[Round "4"]
[White "Siegel, Georg"]
[Black "Epishin, Vladimir"]
[Result "1/2-1/2"]
[WhiteElo "2475"]
[BlackElo "2620"]

1.d4 Nf6 2.c4 e6 3.Nf3 b6 4.g3 Ba6 5.b3 b5 6.cxb5 Bxb5 7.Bg2 d5 8.Nc3 Ba6
9.O-O Nbd7 10.Re1 Be7 11.Bb2 O-O 12.Rc1 Rc8 13.e4 Nxe4 14.Nxe4 dxe4 15.Rxe4 c5
16.Re1 Bf6 17.Ne5 Nxe5 18.dxe5 Be7 19.Be4 Qb6 20.Qc2  1/2-1/2

[Event "Biel op MTO"]
[Site "Biel"]
[Date "1996.??.??"]
[Round "7"]
[White "Arbakov, Valentin"]
[Black "Epishin, Vladimir"]
[Result "1-0"]
[WhiteElo "2455"]
[BlackElo "2620"]

1.d4 Nf6 2.c4 e6 3.Nf3 b6 4.g3 Ba6 5.b3 b5 6.cxb5 Bxb5 7.Bg2 d5 8.O-O Nbd7
9.Nc3 Ba6 10.Bb2 Be7 11.Rc1 O-O 12.Na4 Qb8 13.Ne1 Bb5 14.Nc3 Rc8 15.Nxb5 Qxb5
16.Nd3 a5 17.Ba1 Bd6 18.e3 Rcb8 19.Bc3 a4 20.b4 a3 21.Rb1 Nb6 22.Qc2 Qa4
23.Rb3 Nc4 24.Rfb1 c6 25.Bf1 Qa7 26.Ne5 Qa6 27.Rc1 Qb5 28.Ba1 Bxe5 29.dxe5 Nd7
30.Bxc4 dxc4 31.Qxc4 Ra6 32.Qxb5 Rxb5 33.Rd3 Ra7 34.Rcd1 Rd5 35.Bd4 Rc7 36.e4 Rb5
37.Bc5 Rbb7 38.Rxa3 f6 39.Ra8+ Kf7 40.Bd6 Nxe5 41.Bxc7  1-0

[Event "Biel Credis"]
[Site "Biel"]
[Date "1996.??.??"]
[Round "8"]
[White "Zueger, Beat"]
[Black "Campora, Daniel H"]
[Result "1/2-1/2"]
[WhiteElo "2460"]
[BlackElo "2545"]

1.d4 Nf6 2.c4 e6 3.Nf3 b6 4.g3 Ba6 5.b3 Bb4+ 6.Bd2 Be7 7.Bg2 c6 8.Bc3 d5
9.Ne5 Nfd7 10.Nxd7 Nxd7 11.Nd2 O-O 12.O-O Rc8 13.e4 dxc4 14.bxc4 b5 15.Re1 bxc4  1/2-1/2

[Event "Biel op MTO"]
[Site "Biel"]
[Date "1996.??.??"]
[Round "10"]
[White "Arbakov, Valentin"]
[Black "Ilijin, Neboisa"]
[Result "1-0"]
[WhiteElo "2455"]
[BlackElo "2210"]

1.c4 e6 2.d4 Nf6 3.Nf3 b6 4.g3 Ba6 5.b3 b5 6.cxb5 Bxb5 7.Bg2 d5 8.O-O Nbd7
9.Nc3 Ba6 10.Bb2 c5 11.Re1 Bb7 12.e4 Nxe4 13.Nxe4 dxe4 14.Nd2 Be7 15.Nxe4 O-O
16.dxc5 Nxc5 17.Qg4 g6 18.Nxc5 Bxg2 19.Nxe6 fxe6 20.Qxe6+ Rf7 21.Kxg2 Rc8
22.Rad1 Qf8 23.Rd7 Rc2 24.Bd4 Qa8+ 25.Kh3 Qf3 26.Qxf7+ Qxf7 27.Rexe7 Qf5+
28.Kg2 Rc8 29.h4 h5 30.Rg7+ Kf8 31.Rh7 Qe4+ 32.Kh2 Ke8 33.Rdg7  1-0

[Event "Bled op"]
[Site "Bled"]
[Date "1996.??.??"]
[Round "1"]
[White "Novikov, Igor A"]
[Black "Ilijin, Neboisa"]
[Result "1/2-1/2"]
[WhiteElo "2590"]
[BlackElo "2315"]

1.d4 Nf6 2.c4 e6 3.Nf3 b6 4.g3 Ba6 5.b3 Bb4+ 6.Bd2 Be7 7.Bg2 c6 8.Bc3 Bb7
9.O-O d5 10.Nbd2 Nbd7 11.Qc2 c5 12.Rad1 Rc8 13.dxc5 Bxc5 14.Ne5 Nxe5 15.Bxe5 O-O
16.Qb2 Qe7 17.cxd5 exd5 18.Bxf6 Qxf6 19.Qxf6 gxf6 20.Nb1 Rfe8 21.Bf3 Ba6
22.Rd2 d4 23.Rfd1 Kg7 24.Kg2 b5 25.Rc2 Bb6 26.Rxc8 Rxc8 27.Be4 b4 28.Bd3 Bxd3
29.exd3 Rc2 30.Rd2 Rc1 31.Rb2 f5 32.Kf3 Bd8 33.h4 Kg6 34.Nd2 Rc3 35.Ke2 f4
36.Ne4 Rc6 37.g4 Bxh4 38.Kf3 f5 39.gxf5+ Kxf5 40.Rb1 h6 41.Rg1 Bg5 42.Re1 Bd8
43.Rg1 Bg5 44.Re1 Bh4 45.Rh1 Be7 46.Rg1  1/2-1/2

[Event "SLO-chT"]
[Site "Bled"]
[Date "1996.??.??"]
[Round "1"]
[White "Bukic, Enver"]
[Black "Grosar, Aljosa"]
[Result "1/2-1/2"]
[WhiteElo "2435"]
[BlackElo "2485"]

1.d4 Nf6 2.c4 e6 3.Nf3 b6 4.g3 Ba6 5.b3 Bb7 6.Bg2 Bb4+ 7.Bd2 a5 8.O-O O-O
9.Nc3 Ne4 10.Nxe4 Bxe4 11.a3 Bxd2 12.Qxd2 d5 13.Rfc1 Nd7 14.Qf4 c5 15.Ne5 cxd4
16.Nxd7 Qxd7 17.Bxe4 dxe4 18.Qxe4 Rfd8 19.Rd1 Rac8 20.f4 a4 21.Rab1 axb3
22.Rxb3 Rxc4 23.Rxb6 Qa7 24.Rdb1 Qxa3 25.Rb8 Qf8 26.Qe5 Rcc8 27.Rxc8 Rxc8
28.Qxd4 h6 29.Rb7 Qa3 30.Kf2 Qc1 31.Qd7 Rf8 32.Qc7 Qh1 33.h4 Qh2+ 34.Kf3 Qh1+
35.Kf2 Qh2+ 36.Kf3 Qg1 37.Rb8 Qf1+ 38.Ke3 Qg1+ 39.Kf3 Rxb8 40.Qxb8+ Kh7 41.Qe5 Qh1+
42.Kf2 Qh2+ 43.Kf3 Qg1 44.h5 Qf1+ 45.Ke3 Qh3 46.Qe4+  1/2-1/2

[Event "Slovan op"]
[Site "Bratislava"]
[Date "1996.??.??"]
[Round "3"]
[White "Blaho, Stefan"]
[Black "Brestak, Jan"]
[Result "1-0"]
[WhiteElo "2160"]
[BlackElo "2210"]

1.d4 Nf6 2.c4 e6 3.Nf3 b6 4.g3 Ba6 5.Qa4 Bb7 6.Bg2 c5 7.O-O Be7 8.Nc3 O-O
9.Rd1 cxd4 10.Nxd4 Bxg2 11.Kxg2 Qc8 12.Bf4 Na6 13.Ndb5 Nc5 14.Qc2 Qc6+ 15.Kg1 Nb7
16.Qd3 Rfc8 17.b3 a6 18.Nd4 Qc5 19.Qf3 Ra7 20.Ndb5 axb5 21.Nxb5 Raa8 22.Qxb7 Nd5
23.cxd5 Qxb5 24.dxe6 fxe6 25.Qxd7 Qxd7 26.Rxd7 Bf6 27.Rad1 Rxa2 28.e4 g5
29.Be3 Rb2 30.R1d3 Rc6 31.Rb7 Rc8 32.Rxb6 Re8 33.g4 Kf7 34.Rd7+ Kg6 35.b4 Be5
36.Rbb7 Bf6 37.Rxh7 Rxb4 38.Rxb4 Kxh7 39.h4 gxh4 40.Rb6 Kg6 41.Kg2 Kf7 42.Kh3 Rd8
43.g5 Bd4 44.Rb3 Bxe3 45.Rxe3 Rh8 46.f4 Ke7 47.Kg4 Ra8 48.Kxh4 Ra4 49.Kg4 Kf7
50.Kf3 Kg6 51.Kg3 Kh5 52.e5 Ra1 53.Rd3 Rg1+ 54.Kf2 Ra1 55.Rd8 Ra2+ 56.Ke3 Ra3+
57.Kd2 Rg3 58.Rf8 Ra3 59.Rf6 Kg4 60.g6 Ra8 61.Ke3 Re8 62.Kd4 Kf3 63.g7 Rg8
64.Rf7 Kg4 65.Kc5 Kh5 66.Kd6 Kg6 67.Kxe6 Ra8 68.f5+ Kh7 69.Kf6  1-0

[Event "EUCup f"]
[Site "Budapest"]
[Date "1996.??.??"]
[Round "3"]
[White "Wells, Peter K"]
[Black "Ionov, Sergey"]
[Result "1/2-1/2"]
[WhiteElo "2475"]
[BlackElo "2490"]

1.d4 Nf6 2.c4 e6 3.Nf3 b6 4.g3 Ba6 5.b3 Bb7 6.Bg2 Bb4+ 7.Bd2 c5 8.O-O O-O
9.Bc3 Na6 10.Bb2 cxd4 11.Qxd4 Be7 12.Nc3 Nc5 13.Rfd1 Qc8 14.Rac1 Nce4 15.Nxe4 Bxe4
16.Qe3 Qb7 17.Qf4 Rac8 18.g4 Bc6 19.h4 Ne8 20.Qg3 d6 21.g5 e5 22.Nd2 f6 23.Bxc6 Qxc6
24.f3 fxg5 25.hxg5 Nc7 26.Qg4 Rce8 27.e3 g6 28.Ne4 Rf5 29.Ba3 Rd8 30.Kg2 Ne6
31.Ng3 Rdf8 32.Nxf5 Rxf5 33.Qe4 Rxg5+ 34.Kf2 Qxe4 35.fxe4 Nc5 36.Bxc5 bxc5
37.Rg1 Rh5 38.Rh1 Rxh1 39.Rxh1 h5 40.a3 a5 41.Rb1 Kf7 42.Rh1 Kf6 43.Kf3 Bd8
44.Rd1 Bc7 45.Rh1 Ke6 46.Rb1 Bb6 47.Kg3 Bd8 48.Rf1 Bg5 49.Kf3 Bd8 50.Rf2 Bh4
51.Rh2 Bd8 52.Rg2 Kf6 53.Rd2 Be7 54.Kg3 g5 55.Rf2+ Kg7 56.Rh2 Kg6 57.Rf2 Kg7
58.Rd2 Kg6 59.Rd1 Kf6 60.Rf1+ Kg6 61.Rb1 Kf6 62.Rd1 Kg6  1/2-1/2

[Event "Budapest FS04 IM"]
[Site "Budapest"]
[Date "1996.??.??"]
[Round "4"]
[White "Horvath, Julia"]
[Black "Murzin, Lenar"]
[Result "1/2-1/2"]
[WhiteElo "2305"]
[BlackElo "2265"]

1.d4 Nf6 2.c4 e6 3.Nf3 b6 4.g3 Ba6 5.b3 Bb4+ 6.Bd2 Be7 7.Bg2 c6 8.O-O d5
9.Ne5 O-O 10.Bc3 Nfd7 11.Nxd7 Nxd7 12.Nd2 b5 13.Re1 bxc4 14.bxc4 Nb6 15.c5 Nc4
16.Nxc4 Bxc4 17.Qc2 Qd7 18.Rab1 Rab8 19.e3 e5 20.Bf1 Bxf1 21.Rxf1 e4 22.Ba5 f5
23.Rxb8 Rxb8 24.Rb1 Rf8 25.Qb3 g5 26.Qb7 Qe6 27.Rb3 f4 28.exf4 gxf4 29.gxf4 Bh4
30.Bc7 Qg4+ 31.Kf1 Qd1+ 32.Kg2 Qg4+ 33.Kf1 Rf6 34.Be5 Qd1+ 35.Kg2 Rg6+ 36.Rg3 Qf3+
37.Kh3 Bxg3 38.Qc8+ Kf7 39.Qd7+ Kf8 40.Bd6+ Rxd6 41.Qxd6+ Kf7 42.Qd7+ Kf8
43.Qf5+ Ke8 44.Qe6+ Kf8 45.Qf6+ Kg8 46.Qg5+ Kf7 47.Qf5+ Ke8 48.Qe6+ Kf8 49.Qf6+ Kg8
50.Qe6+  1/2-1/2

[Event "HUN-ch"]
[Site "Budapest"]
[Date "1996.??.??"]
[Round "8"]
[White "Kiss, Pal"]
[Black "Horvath, Csaba"]
[Result "1/2-1/2"]
[WhiteElo "2480"]
[BlackElo "2530"]

1.d4 Nf6 2.c4 e6 3.Nf3 b6 4.g3 Ba6 5.b3 Bb4+ 6.Bd2 Be7 7.Bg2 c6 8.Bc3 d5
9.Ne5 Ne4 10.O-O Nxc3 11.Nxc3 O-O 12.cxd5 cxd5 13.Qd2 Bb7 14.Rac1 Nd7 15.e4 Nxe5
16.dxe5 d4 17.Nb5 Ba6 18.a4 Bxb5 19.axb5 Qd7 20.Qd3 Rac8 21.Rfd1 Ba3 22.Rxc8 Rxc8
23.Bf1 Bb2 24.Qb1 Bc3 25.Bc4  1/2-1/2

[Event "Cairo op"]
[Site "Cairo"]
[Date "1996.??.??"]
[Round "4"]
[White "Abou el Zein, Eid Mahmoud"]
[Black "Gobrial, Ayuad G"]
[Result "1/2-1/2"]
[WhiteElo "2325"]
[BlackElo "2250"]

1.d4 Nf6 2.c4 e6 3.Nf3 b6 4.g3 Ba6 5.b3 Bb4+ 6.Bd2 Be7 7.Bg2 c6 8.O-O d5
9.Nc3 O-O 10.cxd5 cxd5 11.Ne5 Nfd7 12.Nxd7 Nxd7 13.Re1 Rc8 14.a4 Nb8 15.Nb5 Nc6
16.Bc3 Qd7 17.Qd2 Bb7 18.Rec1 a6 19.Na3 Rc7 20.Nc2 Rfc8 21.Ne1 h6 22.Nd3 a5
23.e3 Ba6 24.Bf1 Bxd3 25.Bxd3 Nb4 26.Bb5  1/2-1/2

[Event "Calcutta op"]
[Site "Calcutta"]
[Date "1996.??.??"]
[Round "2"]
[White "Novikov, Igor A"]
[Black "Ravi, Thandalam Shanmugam"]
[Result "1/2-1/2"]
[WhiteElo "2590"]
[BlackElo "2345"]

1.d4 Nf6 2.c4 e6 3.Nf3 b6 4.g3 Ba6 5.b3 Bb4+ 6.Bd2 Be7 7.Bg2 c6 8.Bc3 d5
9.Ne5 Nfd7 10.Nxd7 Nxd7 11.Nd2 O-O 12.O-O Rc8 13.e4 c5 14.exd5 exd5 15.dxc5 dxc4
16.c6 Nb8 17.Nxc4 Qxd1 18.Rfxd1 Bxc4 19.bxc4 Nxc6 20.Rd7 Bc5 21.Re1 a5 22.Bd5 Nb4
23.Bxb4 Bxb4 24.Re4 Bc5 25.Rf4 Rcd8 26.Rfxf7 Rxd7 27.Rxd7+ Kh8 28.Bf7 g6
29.a4 Kg7 30.Be6+ Kh6 31.Rd2  1/2-1/2

[Event "Calcutta op"]
[Site "Calcutta"]
[Date "1996.??.??"]
[Round "3"]
[White "Imocha, Laisram"]
[Black "Bakre, Tejas"]
[Result "1/2-1/2"]
[WhiteElo "2300"]
[BlackElo "2170"]

1.d4 Nf6 2.c4 e6 3.Nf3 b6 4.g3 Ba6 5.b3 Bb4+ 6.Bd2 Be7 7.Bg2 c6 8.Nc3 d5
9.Ne5 Nfd7 10.Nxd7 Nxd7 11.cxd5 exd5 12.O-O O-O 13.Re1 Bf6 14.Bf4 Be7 15.e4 Bb4
16.Qd2 dxe4 17.a3 Bxc3 18.Qxc3 f5 19.Qxc6 Nf6 20.Qe6+ Rf7 21.Qxf5 Bd3 22.Qe6 Qxd4
23.Be5 Qd7 24.Qxd7 Nxd7 25.Bxe4 Bxe4 26.Rxe4 Rf3 27.Bd4 Rxb3 28.Rg4 g6 29.Re1 Rf8
30.Re7 Rf7 31.Re8+ Rf8 32.Re3 Rxe3 33.fxe3 Nf6 34.Rf4 Nd5 35.Re4 Kf7 36.Re5 Nc7
37.Kf2 Re8 38.Rxe8 Nxe8 39.Kf3 Ke6 40.Kf4 Nd6 41.e4 Nf7 42.h4 Kd6 43.h5 Kc6
44.hxg6 hxg6 45.Be3 Kd6 46.Bd4 Ke6  1/2-1/2

[Event "Calcutta op"]
[Site "Calcutta"]
[Date "1996.??.??"]
[Round "10"]
[White "Prakash, G B."]
[Black "Kunte, Abhijit"]
[Result "0-1"]
[WhiteElo "2360"]
[BlackElo "2345"]

1.d4 Nf6 2.Nf3 e6 3.c4 b6 4.g3 Ba6 5.Nbd2 d5 6.cxd5 exd5 7.Bh3 Bd6 8.O-O O-O
9.Ne5 c5 10.f4 cxd4 11.Ndf3 Qe7 12.Nxd4 Nbd7 13.Nxd7 Nxd7 14.b3 Bc5 15.Bb2 Nf6
16.a3 Bxe2 17.Qd2 Bxf1 18.Kxf1 Rfe8 19.b4 Bxd4 20.Bxd4 Ne4 21.Qb2 f6 22.Qa2 Rad8
23.Rc1 Qf7 24.Bg4 Nd6 25.Rd1 Nc4 26.Kf2 Ne3 27.Bxe3 Rxe3 28.Kxe3 d4+ 29.Rxd4 Qxa2
30.Rxd8+ Kf7 31.Rd7+ Kg6 32.Rxa7 Qxh2 33.f5+ Kh6 34.Kf3 Qd2 35.Re7 Qd5+ 36.Kf2 Qa2+
37.Be2 Qxa3 38.Re4 g6 39.fxg6 hxg6 40.b5 Qc5+ 41.Kf3 Qd5 42.Bc4 Qd1+ 43.Kg2 Qc2+
44.Kf3 f5 45.Rh4+ Kg7 46.Be2 Qc3+ 47.Kf2 Qc5+ 48.Kf3 Kf6 49.Ra4 g5 50.Rc4 Qxb5
51.Rc1 Qd5+ 52.Kf2 Qd4+ 53.Kf3 g4+ 54.Kg2 Qe3 55.Rc6+ Ke5 56.Kf1 Qxg3 57.Rxb6 Qf4+  0-1

[Event "Cappelle op"]
[Site "Cappelle la Grande "]
[Date "1996.??.??"]
[Round "7"]
[White "Horvath, Csaba"]
[Black "Szekely, Peter"]
[Result "0-1"]
[WhiteElo "2540"]
[BlackElo "2435"]

1.d4 Nf6 2.c4 e6 3.Nf3 b6 4.g3 Ba6 5.b3 d5 6.cxd5 exd5 7.Bg2 Bb4+ 8.Bd2 Be7
9.Nc3 O-O 10.O-O Bb7 11.Qc2 Na6 12.Rfd1 Qc8 13.Qb2 Rd8 14.Rac1 h6 15.Ne5 c5
16.Be3 Qf5 17.Na4 Rac8 18.dxc5 Nxc5 19.Nxc5 bxc5 20.Nd3 Ng4 21.Bh3 Bf6 22.Qb1 d4
23.f3 h5 24.Bd2 Re8 25.fxg4 hxg4 26.Bf1 Qd5 27.Nf2 Rxe2 28.Be1 Rxf2 29.Kxf2 Qf3+
30.Kg1 Qh1+ 31.Kf2 Qxh2+  0-1

[Event "Capablanca mem-B"]
[Site "Cienfuegos"]
[Date "1996.??.??"]
[Round "1"]
[White "Alvarez, Jose"]
[Black "Alonso, Rene"]
[Result "1/2-1/2"]
[WhiteElo "2415"]
[BlackElo "2425"]

1.Nf3 Nf6 2.c4 b6 3.d4 e6 4.g3 Ba6 5.Qa4 Bb7 6.Bg2 c5 7.dxc5 Bxc5 8.O-O O-O
9.Nc3 Na6 10.Bg5 Be7 11.Rfd1 Nc5 12.Qc2 h6 13.Bxf6 Bxf6 14.Rac1 Qc7 15.Nd4 Bxg2
16.Kxg2 Rfc8 17.e3 d6 18.Qe2 Qb7+ 19.Qf3 Qxf3+ 20.Kxf3 a6 21.Ke2 Kf8 22.f4 Ke7
23.Kf3 Rc7 24.Rc2 Rac8 25.Rcd2 Ke8 26.Nde2 Nb7 27.Ne4 Be7 28.b3 Rd8  1/2-1/2

[Event "Obro Nytaar op"]
[Site "Copenhagen"]
[Date "1996.??.??"]
[Round "2"]
[White "Henrichsen, Jens"]
[Black "Christensen, Bo Garner"]
[Result "0-1"]
[WhiteElo "2075"]
[BlackElo "2230"]

1.d4 Nf6 2.c4 e6 3.Nf3 b6 4.g3 Ba6 5.b3 Bb4+ 6.Bd2 Be7 7.Bg2 Bb7 8.Bc3 d5
9.Ne5 Nbd7 10.Nd3 Ne4 11.O-O O-O 12.Bb2 Bf6 13.Nd2 c5 14.cxd5 exd5 15.Nf3 Re8
16.e3 c4 17.Nf4 b5 18.Nd2 Nb6 19.Nxe4 dxe4 20.a4 bxa4 21.bxa4 a5 22.Ne2 Qd7
23.Nc3 Bc6 24.Qc2 Qf5 25.f3 Qg5 26.f4 Qf5 27.Ba3 h5 28.h4 Nd5 29.Bxe4 Nxe3
30.Bxf5 Nxc2 31.Bxc2 Bxd4+ 32.Kh2 Bxc3  0-1

[Event "CZE-chT 9596"]
[Site "?"]
[Date "1996.??.??"]
[Round "1"]
[White "Cerny, Martin"]
[Black "Polak, Tomas"]
[Result "0-1"]
[WhiteElo "2300"]
[BlackElo "2440"]

1.d4 Nf6 2.c4 e6 3.Nf3 b6 4.g3 Ba6 5.b3 Bb7 6.Bg2 Bb4+ 7.Bd2 a5 8.O-O O-O
9.Nc3 d6 10.Qc2 Nbd7 11.Rfd1 Bxc3 12.Qxc3 h6 13.Be3 Be4 14.Bc1 Qb8 15.Nd2 Bxg2
16.Kxg2 Re8 17.e4 Qb7 18.f3 e5 19.Nf1 exd4 20.Qxd4 Ne5 21.Re1 a4 22.Bb2 b5
23.Nd2 a3 24.Bc1 b4 25.Nf1 Ra5 26.Qd1 h5 27.Bg5 Nxf3 28.Qxf3 Rxg5 29.Nd2 Rge5
30.Rad1 Qa8 31.Kf2 R8e6 32.h3 Qe8 33.Re3 d5 34.cxd5 Nxd5 35.exd5 Rxe3 36.dxe6 Rxf3+
37.Nxf3 fxe6 38.Rd2 c5 39.Ne5 Qf8+ 40.Kg2 Qa8+ 41.Kf2 Qe4 42.Nc4 e5 43.h4 Qf5+
44.Kg2 e4 45.Rf2 Qg4 46.Ne3 Qd7 47.Re2 Qd3 48.Kf2 c4 49.bxc4 b3 50.axb3 Qxb3
51.c5 a2  0-1

[Event "Dresden op"]
[Site "Dresden"]
[Date "1996.??.??"]
[Round "2"]
[White "Helbig, Jan"]
[Black "Chuchelov, Vladimir"]
[Result "0-1"]
[WhiteElo "2125"]
[BlackElo "2490"]

1.d4 Nf6 2.Nf3 e6 3.c4 b6 4.g3 Ba6 5.b3 d5 6.Bg2 Bb4+ 7.Bd2 Be7 8.Bc3 O-O
9.Nbd2 Bb7 10.O-O Nbd7 11.Ne5 c5 12.Re1 Rc8 13.e4 cxd4 14.Bxd4 dxc4 15.Nxd7 Qxd7
16.Nxc4 Rfd8 17.Bxf6 Qxd1 18.Raxd1 gxf6 19.e5 Bxg2 20.Kxg2 b5 21.Nd6 Rc5
22.Nb7 Rxd1 23.Rxd1 Rxe5 24.Rd7 Kf8 25.Rc7 Ke8 26.Kf1 Rd5 27.Ke2 Bb4 28.a4 bxa4
29.bxa4 Rd7 30.Rc8+ Ke7 31.Rb8 a5 32.Ke3 f5 33.f4 h5 34.h3 Rc7 35.Kd4 Be1
36.Kd3 Rc3+ 37.Ke2 Bxg3 38.Nxa5 Bxf4 39.Rb7+ Kf6 40.Nb3 Rxh3 41.a5 Rh2+ 42.Kf3 e5
43.Nc5 Kg5 44.Rxf7 e4+ 45.Nxe4+ fxe4+ 46.Kxe4 Re2+ 47.Kf3 Re3+  0-1

[Event "Nord Cup 2nd"]
[Site "Duesseldorf"]
[Date "1996.??.??"]
[Round "6"]
[White "Wicht, Juergen"]
[Black "Preuschoff, Michael"]
[Result "0-1"]
[WhiteElo "2070"]
[BlackElo "2260"]

1.d4 Nf6 2.c4 e6 3.Nf3 b6 4.g3 Ba6 5.b3 b5 6.cxb5 Bxb5 7.Bg2 Bb4+ 8.Bd2 a5
9.O-O Qc8 10.Ne5 Qa6 11.Re1 Ra7 12.a4 Bc6 13.Nxc6 Nxc6 14.e4 Bxd2 15.Qxd2 Qb6
16.d5 Nd4 17.Qc3 e5 18.Na3 d6 19.Nc4 Qc5 20.Rac1 Ra8 21.Qd3 Qa7 22.Na3 Rb8
23.Nb5 Nxb5 24.axb5 Nd7 25.Qc4 Nc5 26.Ra1 Qb6 27.Bf1 O-O 28.Qc3 Ra8 29.g4 g6
30.Bc4 Kg7 31.Qe3 Rh8 32.h4 Qb8 33.h5 h6 34.f4 Nd7 35.Kg2 gxh5 36.gxh5 Qd8
37.Qh3 exf4 38.Kh2 Ne5 39.Rf1 Qf6 40.Be2 Rhg8 41.Qf5 Qxf5 42.exf5 Kf6 43.Rxf4 Rg5
44.Rc1 Rag8 45.Rf2 Nd3  0-1

[Event "RUS-ch"]
[Site "Elista"]
[Date "1996.??.??"]
[Round "2"]
[White "Fominyh, Alexander"]
[Black "Sokolov, Andrei"]
[Result "1-0"]
[WhiteElo "2535"]
[BlackElo "2585"]

1.d4 Nf6 2.c4 e6 3.Nf3 b6 4.g3 Ba6 5.Qb3 Nc6 6.Bd2 Qc8 7.Bg2 Na5 8.Bxa5 bxa5
9.O-O Be7 10.Nbd2 O-O 11.e4 d5 12.exd5 exd5 13.Rfe1 Bb4 14.c5 c6 15.Qc2 h6
16.Re3 Bb5 17.Nh4 Qg4 18.Ndf3 a4 19.h3 Qd7 20.Ne5 Qc7 21.Nf5 Rad8 22.Bf1 Rfe8
23.Bxb5 cxb5 24.Qe2 a6 25.Ng4 Nxg4 26.Rxe8+  1-0

[Event "RUS-ch"]
[Site "Elista"]
[Date "1996.??.??"]
[Round "6"]
[White "Epishin, Vladimir"]
[Black "Yemelin, Vasily"]
[Result "1/2-1/2"]
[WhiteElo "2620"]
[BlackElo "2460"]

1.d4 Nf6 2.c4 e6 3.Nf3 b6 4.g3 Ba6 5.b3 Bb7 6.Bg2 Bb4+ 7.Bd2 c5 8.O-O O-O
9.dxc5 Bxc5 10.Nc3 d5 11.cxd5 Nxd5 12.Qc2 Na6 13.Nxd5 Bxd5 14.Ng5 g6 15.Rad1 Be7
16.e4 Rc8 17.Qb2 Bxg5 18.exd5 Bxd2 19.dxe6 Bc3 20.exf7+ Kg7 21.Qe2 Qc7 22.Qxa6 Rxf7
23.Rc1 Rd8 24.Rc2 Rd2 25.Rxd2 Bxd2 26.Qd3 Qc3 27.Qd8 Rf8 28.Qe7+ Rf7 29.Qd8 Rf8
30.Qd5 Qb2 31.a4 Bb4 32.f4 Bc5+ 33.Kh1 Qd4 34.Qf3 Re8 35.f5 Rf8 36.Qb7+ Rf7
37.f6+ Qxf6 38.Rxf6 Rxb7 39.Rxg6+ hxg6 40.Bxb7 g5 41.Kg2 a5 42.Kf3 Kf6  1/2-1/2

[Event "Espoo We MatSK op"]
[Site "Espoo"]
[Date "1996.??.??"]
[Round "2"]
[White "Veingold, Aleksandr"]
[Black "Tolonen, Leo Toivovich"]
[Result "1-0"]
[WhiteElo "2425"]
[BlackElo "2335"]

1.d4 Nf6 2.Nf3 e6 3.c4 b6 4.g3 Ba6 5.b3 Bb4+ 6.Bd2 Be7 7.Bg2 c6 8.Bc3 d5
9.Nbd2 O-O 10.O-O Nbd7 11.Re1 b5 12.c5 Bb7 13.b4 Qc7 14.Qc2 Rfe8 15.a4 Ba6
16.a5 Rad8 17.e4 Nxe4 18.Nxe4 dxe4 19.Rxe4 Nf6 20.Re2 Nd5 21.Bd2 h6 22.Rae1 Bc8
23.Ne5 Bf6 24.Qb2 a6 25.Ng4 Qe7 26.h4 Bb7 27.Be4 Nc7 28.Nxf6+ Qxf6 29.Bf4 Nd5
30.Bd6 Rd7 31.Bb1 Qf3 32.Qc2 Nf6 33.Be5 Red8 34.Re3 Qg4 35.f3 Qh3 36.R3e2 Rxd4
37.Rh2 Qf5 38.Qxf5 exf5 39.Bxd4 Rxd4 40.Bxf5 g6 41.Bh3 Rd8 42.Rhe2 Bc8 43.Bxc8 Rxc8
44.Re7 Nd5 45.Re8+ Rxe8 46.Rxe8+ Kg7 47.Re4 f5 48.Rd4 Kf6 49.f4 g5 50.hxg5+ hxg5
51.Rxd5  1-0

[Event "Espoo We ESK op"]
[Site "Espoo"]
[Date "1996.??.??"]
[Round "2"]
[White "Kekki, Petri"]
[Black "Kokkila, Tero"]
[Result "0-1"]
[WhiteElo "2350"]
[BlackElo "2210"]

1.d4 Nf6 2.c4 e6 3.Nf3 b6 4.g3 Ba6 5.b3 Bb4+ 6.Bd2 Be7 7.Nc3 d5 8.Bg2 O-O
9.Ne5 c6 10.cxd5 cxd5 11.Qc2 Nfd7 12.Nxd7 Qxd7 13.Rd1 Rc8 14.Qb2 Nc6 15.Nb1 Rc7
16.Bf4 Bb4+ 17.Kf1 Bd6 18.Bd2 Rac8 19.Bf3 e5 20.Bc3 Nxd4 21.Bxd4 Rc2 22.Qa1 exd4
23.Qxd4 Qh3+ 24.Ke1 Bc5 25.Qa4 b5 26.Qg4 Qxg4 27.Bxg4 Re8 28.Kf1 b4 29.Kg2 Bxe2
30.Rc1 Rxc1 31.Rxc1 Bf8 32.Bxe2 Rxe2 33.Rd1 Rb2 34.Nd2 Rxa2 35.Nf3 Rb2 36.Rxd5 Rxb3
37.Ne5 f6 38.Nc6 Ra3 39.Rb5 Ra6 40.Nxb4 Rb6 41.Rxb6 axb6 42.Nc2 Bc5 43.Kf3 Kf7
44.Ke2 Ke6 45.f3 Ke5 46.g4 Bg1 47.h4 Bc5 48.h5 b5 49.Kd3 Kf4 50.Ke2 f5 51.Ne1 Kg5
52.Nd3 Bd4 53.gxf5 Kxh5 54.Nf4+ Kh4 55.Kd3 Bf6 56.Ke4 b4 57.Ne2 b3 58.Kd3 Kg5
59.Ng3 h5 60.Ne4+ Kxf5 61.Ke2 b2 62.Nd2 Kf4 63.Kf2 Bc3 64.Nb1 Bb4 65.Ke2 h4
66.Kf2 h3  0-1

[Event "Espoo We MatSK op"]
[Site "Espoo"]
[Date "1996.??.??"]
[Round "3"]
[White "Taivainen, Jukka"]
[Black "Veingold, Aleksandr"]
[Result "0-1"]
[WhiteElo "2270"]
[BlackElo "2425"]

1.d4 Nf6 2.c4 e6 3.Nf3 b6 4.g3 Ba6 5.b3 Bb4+ 6.Bd2 Be7 7.Bg2 c6 8.Bc3 d5
9.Ne5 Nfd7 10.Nxd7 Nxd7 11.Nd2 O-O 12.O-O Rc8 13.e4 b5 14.Re1 bxc4 15.bxc4 dxc4
16.Qa4 Bb5 17.Qc2 Re8 18.a4 Ba6 19.Rad1 Bf8 20.a5 e5 21.dxe5 Qc7 22.Bf1 Nxe5
23.Bxe5 Rxe5 24.Nxc4 Bxc4 25.Bxc4 Rxa5 26.Ra1 Rxa1 27.Rxa1 a5 28.Qc3 Bb4
29.Qf3 Rd8 30.Rc1 Qe7 31.Bb3 c5 32.Rd1 Rd4 33.Rxd4 cxd4 34.e5 g6 35.Qd5 d3
36.Qxd3 Qxe5 37.Qd5 Qxd5 38.Bxd5 a4 39.Kf1 a3 40.Ke2 Kf8 41.f4 f5 42.h3 h5
43.Kf3 Ke7 44.g4 Bd2 45.gxh5 gxh5 46.Kg3 h4+ 47.Kxh4 Bxf4 48.Kh5 Kf6 49.Kh4 Bd2
50.Bb3 Ke5 51.Bc4 Kf4 52.Kh5 Kg3 53.Kg6 f4  0-1